[Event "Rio de Janeiro op"]
[Site "Rio de Janeiro"]
[Date "2022.04.21"]
[Round "1"]
[White "Leite, Tarcisio Dantas Fro"]
[Black "Sztokbant, Bernardo Vainzoff"]
[Result "0-1"]
[WhiteElo "1506"]
[BlackElo "2190"]
[PlyCount "72"]
[EventDate "2022.04.21"]
[EventType "swiss"]
[EventRounds "6"]
[EventCountry "BRA"]
[SourceTitle "CBM 207 Extra"]
[Source "ChessBase"]
[SourceDate "2022.05.31"]
[SourceVersion "1"]
[SourceVersionDate "2022.05.31"]
[SourceQuality "1"]

1. e4 c5 2. Nf3 e6 3. d4 cxd4 4. Nxd4 Nc6 5. Nb3 Nf6 6. Bd3 d5 7. exd5 Nxd5 8. 0-0 Be7 9. N1d2 0-0 10. Nf3 Qc7 11. Qe2 Nf4 12. Qe4 Nxd3 13. Qxd3 Nb4 14. Qe4 Qxc2 15. Qxc2 Nxc2 16. Rb1 Nb4 17. a3 Nd5 18. Bd2 Bd7 19. Rbc1 Bf6 20. Rb1 Bb5 21. Rfe1 Bd3 22. Nbd4 Bxb1 23. Rxb1 Rfc8 24. Bg5 Bxg5 25. Nxg5 Rc4 26. Ngf3 Rac8 27. h3 Rc1+ 28. Rxc1 Rxc1+ 29. Kh2 Rb1 30. b3 Rb2 31. Kg3 Nc3 32. Ne5 Ne2+ 33. Nxe2 Rxe2 34. Nc4 Rc2 35. Nd6 Rc3+ 36. Kf4 Rxb3 0-1

[Event "Cinelandia Cortinhas Memorial 4th"]
[Site "Rio de Janeiro"]
[Date "2022.03.13"]
[Round "4"]
[White "Leite, Tarcisio Dantas Fro"]
[Black "Fernandes, Felipe Gambini"]
[Result "0-1"]
[WhiteElo "1506"]
[BlackElo "1937"]
[PlyCount "88"]
[EventDate "2022.03.12"]
[EventType "swiss"]
[EventRounds "6"]
[EventCountry "BRA"]
[SourceTitle "CBM 207 Extra"]
[Source "ChessBase"]
[SourceDate "2022.05.31"]
[SourceVersion "1"]
[SourceVersionDate "2022.05.31"]
[SourceQuality "1"]

1. e4 c6 2. d4 d5 3. e5 c5 4. c3 Nc6 5. a3 cxd4 6. cxd4 Qb6 7. Nf3 Bg4 8. Be2 Bxf3 9. Bxf3 Qxd4 10. Qb3 Qxe5+ 11. Kd1 0-0-0 12. Re1 Qd4+ 13. Bd2 Nf6 14. Re3 e6 15. Nc3 Ne4 16. Bxe4 dxe4 17. Re2 Qd3 18. Qb5 Qxb5 19. Nxb5 a6 20. Nc3 f5 21. Rc1 Be7 22. Ke1 Rd3 23. Na4 g5 24. Bc3 Rhd8 25. Be5 Kd7 26. Nb6+ Ke8 27. Bc7 R8d4 28. Nc4 b5 29. Ne3 Nd8 30. Be5 Rd7 31. Rec2 Kf7 32. Nd1 Bd6 33. Bxd6 R3xd6 34. Nc3 Ke7 35. Ke2 Nf7 36. f3 exf3+ 37. Kxf3 Ne5+ 38. Ke2 Nc4 39. Nb1 Rd3 40. Kf2 Rd1 41. Rxc4 bxc4 42. Rxd1 Rxd1 43. Nc3 Rd2+ 44. Kf3 Rxb2 0-1

[Event "Taubate op 2nd"]
[Site "Taubate"]
[Date "2021.12.17"]
[Round "3"]
[White "Leite, Tarcisio Dantas Fro"]
[Black "Jenidarchiche, Douglas Rodrigo"]
[Result "0-1"]
[WhiteElo "1510"]
[BlackElo "1816"]
[PlyCount "162"]
[EventDate "2021.12.16"]
[EventType "swiss"]
[EventRounds "6"]
[EventCountry "BRA"]
[SourceTitle "CBM 206 Extra"]
[Source "ChessBase"]
[SourceDate "2022.03.31"]
[SourceVersion "1"]
[SourceVersionDate "2022.03.31"]
[SourceQuality "1"]

1. e4 e5 2. Nf3 Nc6 3. d4 exd4 4. Bc4 Bc5 5. 0-0 d6 6. c3 d3 7. Qxd3 Nf6 8. Be3 Bxe3 9. Qxe3 Qe7 10. Re1 0-0 11. Nbd2 Ng4 12. Qg5 Qxg5 13. Nxg5 Nge5 14. Be2 h6 15. Ngf3 a5 16. Nd4 a4 17. Nb5 a3 18. Reb1 axb2 19. Rxb2 f5 20. Nxc7 Ra5 21. a4 Rf7 22. Nb5 Rf6 23. f4 Nf7 24. g3 fxe4 25. Bc4 Be6 26. Bb3 Bxb3 27. Nxb3 Ra8 28. Nc7 Rc8 29. Nd5 Re6 30. Re1 g5 31. Nd2 gxf4 32. Nxf4 Re7 33. Rxe4 Rce8 34. Rxe7 Rxe7 35. Nf3 Re3 36. Kf2 Rxc3 37. Rxb7 Ra3 38. Rc7 Nb4 39. Nd4 Nd3+ 40. Nxd3 Rxd3 41. Ne6 Ra3 42. Rc8+ Kh7 43. Rc7 Kg6 44. Nf4+ Kf6 45. Rc4 Ra2+ 46. Kg1 Ne5 47. Rc3 Rxa4 48. h3 Ra2 49. Nd5+ Kg5 50. Nf4 Rd2 51. Ne6+ Kf5 52. Nf4 Ke4 53. Ng2 d5 54. Re3+ Kd4 55. Ra3 Nd3 56. Ra4+ Ke5 57. Ne3 h5 58. Ra5 Ke4 59. Nxd5 Kf3 60. Nc3 Rc2 61. Ra3 Rg2+ 62. Kf1 Rf2+ 63. Kg1 Rg2+ 64. Kf1 Rh2 65. Kg1 Rd2 66. Ra2 Nb2 67. Ra1 Rc2 68. Rf1+ Kxg3 69. Ne4+ Kxh3 70. Ng5+ Kg4 71. Nf3 Nc4 72. Nd4 Rb2 73. Rf2 Rb1+ 74. Kh2 Ne3 75. Ne2 Nf1+ 76. Kg2 Ne3+ 77. Kh2 h4 78. Nd4 Nf1+ 79. Kg2 h3+ 80. Kg1 Ng3+ 81. Rf1 Rxf1+ 0-1

[Event "Araruama op 1st"]
[Site "Araruama"]
[Date "2021.06.06"]
[Round "6"]
[White "Souza, Kim Garcia De"]
[Black "Leite, Tarcisio Dantas Fro"]
[Result "0-1"]
[WhiteElo "1763"]
[BlackElo "1533"]
[PlyCount "102"]
[EventDate "2021.06.02"]
[EventType "tourn"]
[EventRounds "6"]
[EventCountry "BRA"]
[SourceTitle "CBM 203 Extra"]
[Source "ChessBase"]
[SourceDate "2021.09.30"]
[SourceVersion "1"]
[SourceVersionDate "2021.09.30"]
[SourceQuality "1"]

1. b4 e5 2. Bb2 Bxb4 3. Bxe5 Nf6 4. Nf3 Nc6 5. Bb2 d5 6. e3 0-0 7. c4 Re8 8. cxd5 Nxd5 9. Be2 Be6 10. 0-0 Be7 11. d4 a6 12. e4 Nf4 13. d5 Nxe2+ 14. Qxe2 Bxd5 15. exd5 Qxd5 16. Nc3 Qh5 17. Qc2 Bf6 18. Rad1 Rad8 19. h3 Nd4 20. Nxd4 Bxd4 21. Rd3 c5 22. Rg3 Re6 23. Rd1 Rde8 24. Rf3 Re1+ 25. Rxe1 Rxe1+ 26. Kh2 Be5+ 27. Rg3 Bxg3+ 28. fxg3 Qe5 29. Na4 Qe3 30. Qxc5 Qxc5 31. Nxc5 Re2 32. Bd4 Rd2 33. Be3 Rb2 34. a4 b5 35. a5 Re2 36. Bf4 Ra2 37. Bc7 b4 38. Nxa6 b3 39. Be5 Rxa5 40. Nb4 Rxe5 41. Nd3 Rb5 42. Nb2 f5 43. Kg1 Kf7 44. Kf2 Ke6 45. Ke3 Kd5 46. Kd3 g5 47. Kc3 Rb8 48. Nd1 Ke4 49. Nf2+ Ke3 50. Nd1+ Ke2 51. Nb2 Kf2 0-1

[Event "Araruama op 1st"]
[Site "Araruama"]
[Date "2021.06.02"]
[Round "1"]
[White "Leite, Tarcisio Dantas Fro"]
[Black "Almeida Junior, Alvaro Alves de"]
[Result "1/2-1/2"]
[WhiteElo "1533"]
[BlackElo "2133"]
[PlyCount "163"]
[EventDate "2021.06.02"]
[EventType "tourn"]
[EventRounds "6"]
[EventCountry "BRA"]
[SourceTitle "CBM 203 Extra"]
[Source "ChessBase"]
[SourceDate "2021.09.30"]
[SourceVersion "1"]
[SourceVersionDate "2021.09.30"]
[SourceQuality "1"]

1. d4 Nf6 2. Bf4 d5 3. e3 c5 4. Nc3 a6 5. Nf3 Nc6 6. Be2 Bg4 7. Ne5 Bxe2 8. Nxe2 e6 9. 0-0 Be7 10. Nxc6 bxc6 11. c3 0-0 12. h3 Bd6 13. Bg5 Rb8 14. Qc2 h6 15. Bf4 Bxf4 16. Nxf4 Qb6 17. Rab1 Ne4 18. Nd3 c4 19. Ne5 Nf6 20. b3 cxb3 21. axb3 c5 22. Rfe1 Rfc8 23. c4 Qd6 24. Qd3 Rb4 25. Ra1 Ra8 26. Ra5 Qb6 27. Ra3 a5 28. f4 Rb8 29. dxc5 Qxc5 30. Kh2 Qb6 31. cxd5 exd5 32. Rc1 Re4 33. Rc3 Re8 34. Ra4 Qd8 35. Rd4 Rxd4 36. exd4 Ne4 37. Rc2 Qf6 38. Qf3 Qb6 39. Qd3 Qf6 40. Qf3 Qb6 41. Qd3 g6 42. Rc6 Qb7 43. Qa6 Qxa6 44. Rxa6 Rb8 45. Rxa5 Rxb3 46. Rxd5 Nf6 47. Rc5 Rb7 48. Rc3 Nh5 49. Rf3 Rb4 50. Nc6 Rb6 51. d5 Nf6 52. Ne7+ Kf8 53. Re3 Rd6 54. Re5 Rd7 55. Nc6 Nxd5 56. Re4 h5 57. Ne5 Re7 58. Rc4 Kg7 59. Nf3 Re2 60. Rd4 Ne3 61. Nh4 f6 62. Rd7+ Kg8 63. Rb7 g5 64. fxg5 fxg5 65. Rb8+ Kf7 66. Rb7+ Ke8 67. Ng6 Rxg2+ 68. Kh1 Re2 69. Rb5 g4 70. hxg4 hxg4 71. Rg5 Kf7 72. Nf4 Re1+ 73. Kh2 Kf6 74. Rg8 Kf5 75. Nd3 Rd1 76. Nf2 Rd2 77. Kg3 Nf1+ 78. Kg2 g3 79. Rf8+ Kg5 80. Kxf1 Rxf2+ 81. Rxf2 gxf2 82. Kxf2 1/2-1/2

[Event "American Continental 15th"]
[Site "Sao Paulo"]
[Date "2019.07.10"]
[Round "8"]
[White "Nobre, Jailson Altair Barb"]
[Black "Leite, Tarcisio Dantas Fro"]
[Result "1/2-1/2"]
[WhiteElo "1692"]
[BlackElo "1571"]
[PlyCount "82"]
[EventDate "2019.07.05"]
[EventType "swiss"]
[EventRounds "11"]
[EventCountry "BRA"]
[SourceTitle "CBM 191 Extra"]
[Source "ChessBase"]
[SourceDate "2019.09.30"]
[SourceVersion "1"]
[SourceVersionDate "2019.09.30"]
[SourceQuality "1"]

1. e4 c5 2. Nf3 Nc6 3. d3 Nf6 4. g3 g6 5. Bg2 Bg7 6. 0-0 0-0 7. Nc3 Rb8 8. Nh4 d6 9. h3 b5 10. f4 Nd4 11. Ne2 Nh5 12. Kh2 Nxe2 13. Qxe2 Nf6 14. f5 Nd7 15. c3 a5 16. Bd2 b4 17. Rab1 Ba6 18. c4 Ne5 19. fxg6 fxg6 20. Nf3 Nc6 21. b3 Qd7 22. Be3 Rf7 23. Ng5 Rxf1 24. Rxf1 Rf8 25. Rxf8+ Bxf8 26. h4 Bc8 27. Bh3 Qe8 28. Ne6 Bxe6 29. Bxe6+ Kh8 30. Qf2 Bg7 31. Kg2 Qf8 32. Qxf8+ Bxf8 33. Kf2 Bg7 34. Ke2 Nd4+ 35. Bxd4 Bxd4 36. Kf3 h6 37. Bd7 Kg7 38. g4 Kf6 39. Be8 g5 40. h5 Ke5 41. Bd7 Bb2 1/2-1/2

[Event "BRA-ch Amateur U2200"]
[Site "Sao Paulo"]
[Date "2019.06.20"]
[Round "2"]
[White "Leite, Tarcisio Dantas Fro"]
[Black "Mobaier, Sergio"]
[Result "0-1"]
[WhiteElo "1572"]
[BlackElo "1918"]
[PlyCount "56"]
[EventDate "2019.06.20"]
[EventType "swiss"]
[EventRounds "7"]
[EventCountry "BRA"]
[SourceTitle "EXT 2020"]
[Source "ChessBase"]
[SourceDate "2019.10.17"]
[SourceVersion "1"]
[SourceVersionDate "2019.10.17"]
[SourceQuality "1"]

1. e4 d5 2. exd5 Qxd5 3. Nc3 Qa5 4. d4 Nf6 5. Bc4 c6 6. Bd2 Bf5 7. Nf3 e6 8. 0-0 Be7 9. Re1 Qc7 10. Ne5 0-0 11. f3 Qb6 12. Be3 Qxb2 13. Qd2 Qxc2 14. Re2 Qxd2 15. Rxd2 Nbd7 16. g4 Bg6 17. g5 Nxe5 18. dxe5 Nd5 19. Nxd5 exd5 20. Be2 Rfd8 21. f4 Be4 22. Bg4 g6 23. Rc1 b6 24. Rxc6 d4 25. Rc7 dxe3 26. Rdd7 Rxd7 27. Bxd7 Bc5 28. Kf1 Bd3+ 0-1

[Event "Rio de Janeiro Cortinhas Memorial 3rd"]
[Site "Rio de Janeiro"]
[Date "2019.05.01"]
[Round "5"]
[White "Souza Jr, Helemberg Cubica De"]
[Black "Leite, Tarcisio Dantas Fro"]
[Result "1-0"]
[WhiteElo "1699"]
[BlackElo "1569"]
[PlyCount "137"]
[EventDate "2019.04.27"]
[EventType "swiss"]
[EventRounds "6"]
[EventCountry "BRA"]
[SourceTitle "CBM 190 Extra"]
[Source "ChessBase"]
[SourceDate "2019.07.15"]
[SourceVersion "1"]
[SourceVersionDate "2019.07.15"]
[SourceQuality "1"]

1. e4 c5 2. Nf3 e6 3. d4 cxd4 4. Nxd4 Nf6 5. Nc3 Be7 6. Be2 a6 7. e5 Nd5 8. Nxd5 exd5 9. Nf5 0-0 10. Nxe7+ Qxe7 11. Qxd5 Nc6 12. f4 Qb4+ 13. Qd2 Qc5 14. Bd3 Rd8 15. Qf2 Qxf2+ 16. Kxf2 d6 17. exd6 Rxd6 18. Re1 Be6 19. f5 Bd7 20. Bf4 Rd5 21. Rad1 Bxf5 22. Bxf5 Rxf5 23. Kg3 h6 24. h4 Nb4 25. c3 Nd5 26. Be5 Nf6 27. Bd4 b5 28. Kh3 h5 29. Re7 Ng4 30. Rde1 Nf2+ 31. Kh2 Nd3 32. R1e2 b4 33. c4 Nc1 34. Re8+ Rxe8 35. Rxe8+ Kh7 36. c5 Rf4 37. Be3 Rxh4+ 38. Kg1 Rc4 39. b3 Rc2 40. Ra8 Nxa2 41. Rxa6 Nc3 42. c6 Nd5 43. Bf2 Nc7 44. Rb6 Nd5 45. Rb5 Nf4 46. Rc5 Rxc5 47. Bxc5 Nd5 48. Bd6 Kg6 49. c7 Nxc7 50. Bxc7 Kf5 51. Bd6 Ke4 52. Bxb4 Kd3 53. Bc5 g5 54. b4 Kc4 55. Kf2 f5 56. Be7 g4 57. Kg3 Kd5 58. b5 Ke6 59. Bg5 Kd5 60. b6 Kc6 61. Be3 Kb7 62. Kh4 f4 63. Bxf4 Kxb6 64. Kxh5 Kc6 65. Kxg4 Kd7 66. Kf5 Ke7 67. Kg6 Kf8 68. g4 Kg8 69. g5 1-0

[Event "Rio de Janeiro Andrade Memorial 2nd"]
[Site "Rio de Janeiro"]
[Date "2018.09.09"]
[Round "5"]
[White "Gomes, Pedro Pessoa"]
[Black "Leite, Tarcisio Dantas Fro"]
[Result "1-0"]
[WhiteElo "1571"]
[BlackElo "1572"]
[PlyCount "61"]
[EventDate "2018.09.07"]
[EventType "swiss"]
[EventRounds "6"]
[EventCountry "BRA"]
[SourceTitle "CBM 186 Extra"]
[Source "ChessBase"]
[SourceDate "2018.08.24"]
[SourceVersion "1"]
[SourceVersionDate "2018.08.24"]
[SourceQuality "1"]

1. c4 e5 2. Nc3 b6 3. d4 exd4 4. Qxd4 Nc6 5. Qe4+ Qe7 6. Qxe7+ Bxe7 7. Bf4 d6 8. Nb5 Bd8 9. g3 Bb7 10. Bg2 Na5 11. Bxb7 Nxb7 12. Nf3 Nc5 13. 0-0 Ne7 14. Rfe1 Ne6 15. Bd2 0-0 16. b4 a6 17. Nbd4 Ng6 18. Rac1 Re8 19. Nxe6 fxe6 20. c5 d5 21. e4 Bf6 22. cxb6 cxb6 23. Rc6 dxe4 24. Rxe4 a5 25. Rexe6 Rxe6 26. Rxe6 Rb8 27. Be3 Bd8 28. Nd4 Bc7 29. Rc6 Rb7 30. Ne6 Be5 31. Rc8+ 1-0

[Event "Rio de Janeiro Andrade Memorial 2nd"]
[Site "Rio de Janeiro"]
[Date "2018.09.08"]
[Round "4"]
[White "Leite, Tarcisio Dantas Fro"]
[Black "Silva, Joao Paulo Gomes"]
[Result "1-0"]
[WhiteElo "1572"]
[BlackElo "1587"]
[PlyCount "47"]
[EventDate "2018.09.07"]
[EventType "swiss"]
[EventRounds "6"]
[EventCountry "BRA"]
[SourceTitle "CBM 186 Extra"]
[Source "ChessBase"]
[SourceDate "2018.08.24"]
[SourceVersion "1"]
[SourceVersionDate "2018.08.24"]
[SourceQuality "1"]

1. e4 c6 2. Nc3 d5 3. exd5 cxd5 4. Nf3 Nf6 5. d4 e6 6. Bd3 Nc6 7. 0-0 Be7 8. Re1 0-0 9. Ne2 a6 10. c3 b5 11. Qc2 h6 12. Bf4 Bd6 13. Ne5 Ne7 14. Ng3 Nd7 15. Qd2 g5 16. Bxg5 f6 17. Bxh6 Nxe5 18. dxe5 Bxe5 19. Rxe5 Rf7 20. Rh5 e5 21. Rxe5 Kh8 22. Rh5 Bg4 23. Bg7+ Kxg7 24. Qh6+ 1-0

[Event "Rio de Janeiro Andrade Memorial 2nd"]
[Site "Rio de Janeiro"]
[Date "2018.09.07"]
[Round "1"]
[White "Almeida, Gianluca Jorio"]
[Black "Leite, Tarcisio Dantas Fro"]
[Result "1-0"]
[WhiteElo "2054"]
[BlackElo "1572"]
[PlyCount "99"]
[EventDate "2018.09.07"]
[EventType "swiss"]
[EventRounds "6"]
[EventCountry "BRA"]
[SourceTitle "CBM 186 Extra"]
[Source "ChessBase"]
[SourceDate "2018.08.24"]
[SourceVersion "1"]
[SourceVersionDate "2018.08.24"]
[SourceQuality "1"]

1. c4 e5 2. Nc3 Nf6 3. g3 g6 4. Bg2 Bg7 5. e3 0-0 6. Nge2 c6 7. d4 d6 8. 0-0 Nh5 9. b3 f5 10. dxe5 dxe5 11. Ba3 Re8 12. Qxd8 Rxd8 13. Rad1 Re8 14. Bf3 Nf6 15. e4 Be6 16. Rfe1 Nbd7 17. Nc1 Rac8 18. Nd3 Bf8 19. Bb2 a6 20. exf5 Bxf5 21. Ne4 Nxe4 22. Bxe4 Bg7 23. Kg2 Kf7 24. Re3 Bg4 25. f3 Bh6 26. Re2 Bf5 27. Bxf5 gxf5 28. Nxe5+ Nxe5 29. Rxe5 Rxe5 30. Bxe5 Re8 31. f4 Bf8 32. h3 Bc5 33. g4 fxg4 34. hxg4 Re7 35. Kf3 Ke6 36. Ke4 Rd7 37. f5+ Ke7 38. Bf6+ Ke8 39. Rxd7 Kxd7 40. g5 Ke8 41. g6 hxg6 42. fxg6 Kf8 43. Ke5 Ke8 44. Ke6 Kf8 45. Kd7 b5 46. Kxc6 bxc4 47. bxc4 a5 48. Kb5 Bb4 49. a4 Bd2 50. c5 1-0

[Event "Rio de Janeiro Duchamp op"]
[Site "Rio de Janeiro"]
[Date "2017.11.12"]
[Round "2"]
[White "Ribeiro, Jose Joselito"]
[Black "Leite, Tarcisio Dantas Fro"]
[Result "1-0"]
[WhiteElo "1924"]
[BlackElo "1609"]
[PlyCount "81"]
[EventDate "2017.11.11"]
[EventType "swiss"]
[EventRounds "9"]
[EventCountry "BRA"]
[SourceTitle "CBM 181 Extra"]
[Source "ChessBase"]
[SourceDate "2017.12.12"]
[SourceVersion "1"]
[SourceVersionDate "2017.12.12"]
[SourceQuality "1"]

1. e4 e5 2. Nf3 Nc6 3. Bb5 a6 4. Ba4 Nf6 5. 0-0 b5 6. Bb3 Be7 7. Re1 0-0 8. c3 d6 9. h3 Na5 10. Bc2 c5 11. d3 Qc7 12. Nbd2 Nc6 13. Nf1 Re8 14. Ng3 h6 15. Be3 Bb7 16. Nf5 Bf8 17. Qd2 Kh7 18. g4 Ng8 19. h4 g6 20. Ng3 Bc8 21. Nh2 Qe7 22. Kg2 Bd7 23. h5 g5 24. Nf5 Qf6 25. Nf3 Nce7 26. Bb3 Nxf5 27. gxf5 Qg7 28. Rh1 f6 29. Rag1 Ne7 30. Kf1 Bc6 31. Nxg5+ fxg5 32. Bxg5 Nxf5 33. Bh4 Qb7 34. Bg8+ Kh8 35. Bf6+ Ng7 36. Qxh6+ Kxg8 37. Rxg7+ Bxg7 38. Bxg7 Re7 39. Bf6 Rd7 40. Rg1+ Kf7 41. Rg7+ 1-0